000 00496nam a2200169 4500
001 143471
003 ES-MaACL
005 20230906200827.0
007 t|
008 070214s1968 sp r ||||1| spa d
100 1 _aSerre, Henri.
_9105830
245 1 3 _aLa Kermesse /
_cHenri Serre ; traducción de A. Lupo Canaleta.
260 _aBarcelona :
_bVitamala,
_c1968 (
_fSocitra)
300 _a95 p. :
_bil. ;
_c19 cm.
700 1 _aLupo Canaleta, A.
_974804
852 _aES-MaACL
_jC-51444
_bR.66466
999 _c143471
_d143471